| 000 | 00720nac a22002171ca4500 | ||
|---|---|---|---|
| 001 | a987689405 | ||
| 008 | 180516s1996 gw |||| 000u ger d | ||
| 020 |
_a3129040706 _93-12-904070-6 |
||
| 041 | _ager | ||
| 100 | 1 | _aJeismann, Karl-Ernst | |
| 245 | 0 | 4 |
_aDas preußische Gymnasium in Staat und Gesellschaft : _bdie Entstehung des Gymnasiums als Schule des Staates und der Gebildeten, 1787 - 1817 / _cKarl-Ernst Jeismann |
| 250 | _aVollständig überarbeitete Auflage | ||
| 264 |
_aStuttgart : _bKlett, _c1996 |
||
| 300 | _a2 Bände | ||
| 500 | _aTeilw. zugl.: Bochum, Univ., Habil.-Schr., 1971 | ||
| 942 | _cMG | ||
| 040 | _cRU-10907106 | ||
| 003 | RU-10907106 | ||
| 999 |
_c49701 _d49701 |
||
| 490 | 0 |
_aIndustrielle Welt _v15 |
|